01162nam a2200229Ia 4500003000400000005001700004008004100021040002100062041000800083082002500091100003800116245008600154250001800240260005200258300002900310490001900339505024300358520022100601651003800822651003800860651003400898OSt20200722180614.0191128t1979 ck fr 000 0 spa d aCO-JMCRcCO-JMCR0 aspa04a338.986 /bT596c2231 aTirado Mejía, Álvaro, eautor10aColombia en la repartición imperialista (1870-1914) / cÁlvaro Tirado Mejía a2a. edición aMedellín : bEdiciones Hombre Nuevo, c©1979 a224 páginas ; c17 cm.0 aHistoria ; v10 aLa repartición territorial en la era del imperialismo -- El caso de las minas de Timbiquí -- Rivalidades por Colombia a comienzos del Sigo XX -- Bambalinas del Canal de Panamá -- Reclamaciones de extranjeros por perjuicios de guerra3 aContiene este libro los aspectos fundamentales de una tesis doctoral presentada en la Universidad de París, bajo la dirección del profesor Pierre Vilar, sobre la dominación imperialista en Colombia (1810-1914). 4aColombia xpolítica económica 4aColombia xrelaciones exteriores  4aColombiaxhistoriay1870-1914